Ni careta ni quemado, rescatado : (Record no. 8727)
[ view plain ]
| 000 -CABECERA | |
|---|---|
| campo de control de longitud fija | 00805nam a2200277uu 4500 |
| 001 - NÚMERO DE CONTROL | |
| campo de control | 20873 |
| 003 - IDENTIFICADOR DEL NÚMERO DE CONTROL | |
| campo de control | arbaides |
| 005 - FECHA Y HORA DE LA ÚLTIMA TRANSACCIÓN | |
| campo de control | 20191213194238.0 |
| 008 - DATOS DE LONGITUD FIJA--INFORMACIÓN GENERAL | |
| campo de control de longitud fija | 060907 spa d |
| 041 0# - CÓDIGO DE LENGUA | |
| Código de lengua del texto/banda sonora o título independiente | spa |
| 100 1# - ENTRADA PRINCIPAL--NOMBRE DE PERSONA | |
| Nombre de persona | Diez, Patricia |
| 9 (RLIN) | 10226 |
| 245 10 - MENCIÓN DE TÍTULO | |
| Título | Ni careta ni quemado, rescatado : |
| Resto del título | usos del cuerpo, adcripciones identitarias y morales de jóvenes varones de Bajo Flores, Ciudad de Buenos Aires |
| 260 ## - PUBLICACIÓN, DISTRIBUCIÓN, ETC. | |
| Fecha de publicación, distribución, etc. | 2006. |
| 300 ## - DESCRIPCIÓN FÍSICA | |
| Extensión | 156 p. |
| 336 ## - TIPO DE CONTENIDO | |
| Término de tipo de contenido | Texto |
| Código de tipo de contenido | txt |
| Fuente | rdacontent |
| 337 ## - TIPO DE MEDIO | |
| Nombre/término del tipo de medio | sin mediación |
| Código del tipo de medio | n |
| Fuente | rdamedia |
| 338 ## - TIPO DE SOPORTE | |
| Nombre/término del tipo de soporte | Volumen |
| Código del tipo de soporte | nc |
| Fuente | rdacarrier |
| 650 #4 - PUNTO DE ACCESO ADICIONAL DE MATERIA--TÉRMINO DE MATERIA | |
| Término de materia o nombre geográfico como elemento de entrada | POBREZA |
| 9 (RLIN) | 178 |
| Término de materia o nombre geográfico como elemento de entrada | JOVENES |
| 9 (RLIN) | 107 |
| Término de materia o nombre geográfico como elemento de entrada | TESIS |
| 9 (RLIN) | 1265 |
| Término de materia o nombre geográfico como elemento de entrada | ETNOGRAFIA |
| 9 (RLIN) | 148 |
| Término de materia o nombre geográfico como elemento de entrada | TUGURIOS |
| 9 (RLIN) | 4144 |
| 651 #4 - PUNTO DE ACCESO ADICIONAL DE MATERIA--NOMBRE GEOGRÁFICO | |
| Nombre geográfico | ARGENTINA |
| 9 (RLIN) | 87 |
| Nombre geográfico | BUENOS AIRES |
| 9 (RLIN) | 327 |
| 942 ## - ELEMENTOS DE PUNTO DE ACCESO ADICIONAL (KOHA) | |
| Tipo de ítem Koha | TESIS |
| Estado de retiro | Estado de pérdida | Estado dañado | No para préstamo | Código de colección | Localización permanente | Ubicación/localización actual | Fecha de adquisición | Número de inventario | Total de préstamos | Signatura topográfica completa | Código de barras | Fecha visto por última vez | Precio válido a partir de | Tipo de ítem Koha |
|---|---|---|---|---|---|---|---|---|---|---|---|---|---|---|
| Tesis | Biblioteca del IDES | Biblioteca del IDES | 2019-11-17 | 004681 | T/369.4/D716c | 008445 | 2019-11-17 | 2019-11-17 | TESIS |
